Title in the Lyrics (Eurovision Runners Up #2) - Statistics

General Stats
  • This quiz has been taken 7 times
  • The average score is 6 of 20
Answer Stats
Lyric Title % Correct
Nyt lähden tanssimaan, niinku ___ ___ ___ Cha Cha Cha
100%
______ ____, Welche Farbe hat die Sonne? Johnny Blue
80%
__ __ ____? Is it over? Did I throw it away? Is It True?
60%
____ ___ _____ __ ____ ____, Schick die Sehnsucht himmelwärts Laß die Sonne in dein Herz
60%
He's got the makings of my _______ ______ Seventh Wonder
60%
___ ____ ___ __ ____, one reason to put this love on the line again One Step Out of Time
40%
______ helé, manilla keranu Sanomi
40%
By my actions you should know - I'm going ____ Solo
40%
____ __ como el agua de mi fuente Eres Tú
20%
All my dreams are uncovered, _ ______ I Belong
20%
Oh come on, ___ __ __ ___ ___ who's lovin' you tonight Let Me Be The One
20%
_____ ___ _________ - dance, come on and dance Party For Everybody
20%
__, ___, _____, ma politique à moi Un, Deux, Trois
20%
Si llenas tu vida de amor y paz, __ __ _____ _____ y feliz En Un Mundo Nuevo
0%
What would I lose __ _ _____ ______? If I Could Choose
0%
And _ ____ ___ ______ ______ you do I Love The Little Things
0%
_____ ___ ___ __, you are the one I'm searching for Never Let You Go
0%
_'__ ___ ___, Quand je parlais trop fort à travers et à tort T'en Vas Pas
0%
Every day is a question mark, _____ ___ ___? Where Are You?
0%
Danse, balance sur le _____ ___ _____ _____ White and Black Blues
0%
No matching quizzes found
Score Distribution
Percent of People with Each Score
Percentile by Number Answered
Your Score History
You have not taken this quiz